000 00706nam a2200229Ia 4500
003 OSt
005 20220925202846.0
006 a|||||r|||| 00| 0
007 ta
008 220923b |||||||| |||| 00| 0 eng d
037 _cGeneral Book
040 _aRTL
_cRTL
_beng
041 _2eng
_aeng
100 _aGUPTA Ranjana.
_9140662
245 0 _aJob satisfication
_b A sample study of chartered acc
260 _aDelhi
_bUniversity of Delhi
_c1985
300 _a140p Bibliography at the end
_ccm.
490 _aUniversity of Delhi, Commerce and Business (Faculty of-), Dissertation
650 _aJOB EVALUATION
_9241457
942 _cGB
_2CC
999 _c544391
_d544391